000 00592nam a2200193Ia 4500
003 IN-BaIIA
008 211028s9999 xx 000 0 eng d
040 _cIIA Library
080 _a083.7:621.952.2
_bISI
110 _aIndian Standards Institution
245 0 _aIndian standard the chart for radial drilling machines
_cIndian Standards Institution
260 _aNew Delhi
_bIndian Standards Institution
_c1963
300 _a7p.
500 _aIS 2199 : 1962
650 _a Radial Drilling Machines-Standards
_99281
650 _a Standards 
650 _aNASA Thesaurus 
942 _cBK
999 _c5295
_d5295